| 000 | 00677nam a22001577a 4500 | ||
|---|---|---|---|
| 003 | MACL | ||
| 005 | 20221125145440.0 | ||
| 008 | 221125b |||||||| |||| 00| 0 eng d | ||
| 040 | _cMACL | ||
| 082 | _a320 | ||
| 100 |
_aब्रास,पॉल आर _981576 |
||
| 245 | _aखंड दो उतर भारत की राजनीति : 1937 से 1967 तक चरण सिंह और कांग्रेेस राजनीति एक भारतीय राजनीतिक जीवन 1957 से 1967 तक | ||
| 260 |
_aदिल्ली _bसेज प्रकाशक _c2012 |
||
| 650 | _aराजनीति | ||
| 942 |
_2ddc _cHIN |
||
| 999 |
_c65649 _d65649 |
||